[Event "MSU Interuniversity Cup"]
[Site "Moscow RUS"]
[Date "2023.05.18"]
[Round "9.2"]
[White "Grigoryan, Karen"]
[Black "Isanzhulov, Arystan"]
[Result "1/2-1/2"]
[WhiteElo "2268"]
[BlackElo "2341"]
[PlyCount "144"]
[EventDate "2023.05.15"]
[EventType "team (rapid)"]
[EventRounds "9"]
[EventCountry "RUS"]
[SourceTitle "CBM 214 Extra"]
[Source "ChessBase"]
[SourceDate "2023.07.31"]
[SourceVersion "1"]
[SourceVersionDate "2023.07.31"]
[SourceQuality "1"]
[WhiteTeam "Turkmenistan"]
[BlackTeam "Kazakhstan"]
[WhiteTeamCountry "TKM"]
[BlackTeamCountry "KAZ"]

1. c4 Nf6 2. Nc3 d6 3. d4 Bf5 4. f3 e5 5. e4 exd4 6. Qxd4 Be6 7. b3 g6 8. Bb2 Bg7 9. Nge2 0-0 10. Qd2 a6 11. Nd4 Nc6 12. Nxc6 bxc6 13. Be2 Nd7 14. 0-0 Nc5 15. b4 Nd7 16. Nd1 Bxb2 17. Qxb2 Qf6 18. Qxf6 Nxf6 19. Ne3 Rfb8 20. Rfb1 Kf8 21. Kf2 Ke7 22. Ke1 Rb7 23. Kd2 Rab8 24. Kc3 Nd7 25. a4 a5 26. b5 Nc5 27. Bd1 Bd7 28. Bc2 cxb5 29. axb5 Ra7 30. Nd5+ Kd8 31. h4 Be6 32. Ne3 a4 33. Ra3 Rba8 34. Rba1 Ke7 35. Kb4 Kf6 36. g3 h5 37. Kc3 Kg7 38. Kb4 Kf6 39. Kc3 Ke7 40. Kb4 Kd7 41. Bxa4 f6 42. Bc2 Rxa3 43. Rxa3 Rg8 44. Ra7 g5 45. b6 Kc6 46. bxc7 gxh4 47. gxh4 Kb6 48. c8Q Rxc8 49. Rh7 Rg8 50. Rxh5 Rg3 51. Nd5+ Bxd5 52. Rxd5 Na6+ 53. Kc3 Kc7 54. Rf5 Nc5 55. Rxf6 Rh3 56. Rf4 Ne6 57. Rf7+ Kd8 58. Ba4 Nc5 59. Bc6 Rxh4 60. Bd5 Ke8 61. Ra7 Rf4 62. Kd2 Rxf3 63. e5 Nb3+ 64. Kd1 Rf4 65. exd6 Nd4 66. c5 Rf5 67. Ra8+ Kd7 68. Ra7+ Ke8 69. Ra8+ Kd7 70. Ra7+ Ke8 71. Ra8+ Kd7 72. Ra7+ Ke8 1/2-1/2

[Event "MSU Interuniversity Cup"]
[Site "Moscow RUS"]
[Date "2023.05.16"]
[Round "3.5"]
[White "Grigoryan, Karen"]
[Black "Aldashukurov, Yrysbek"]
[Result "1-0"]
[WhiteElo "2268"]
[BlackElo "1904"]
[PlyCount "115"]
[EventDate "2023.05.15"]
[EventType "team (rapid)"]
[EventRounds "9"]
[EventCountry "RUS"]
[SourceTitle "CBM 214 Extra"]
[Source "ChessBase"]
[SourceDate "2023.07.31"]
[SourceVersion "1"]
[SourceVersionDate "2023.07.31"]
[SourceQuality "1"]
[WhiteTeam "Turkmenistan"]
[BlackTeam "Kyrgyzstan"]
[WhiteTeamCountry "TKM"]
[BlackTeamCountry "KGZ"]

1. c4 e6 2. d4 d5 3. Nf3 Nf6 4. g3 Bb4+ 5. Bd2 Bxd2+ 6. Nbxd2 0-0 7. Bg2 b6 8. 0-0 Bb7 9. cxd5 Bxd5 10. Qc2 Nbd7 11. e4 Bb7 12. e5 Nd5 13. Ne4 h6 14. a3 Rc8 15. Rfd1 Qe7 16. Rac1 f5 17. exf6 N5xf6 18. Nxf6+ Rxf6 19. Ng5 hxg5 20. Bxb7 Rcf8 21. Rd2 c5 22. dxc5 Nxc5 23. Bg2 a5 24. Qc4 a4 25. Bc6 Nb3 26. Rcd1 Nxd2 27. Rxd2 Qc5 28. Qxc5 bxc5 29. Bxa4 Rf5 30. Bb3 Kf7 31. Bc4 Kf6 32. a4 Re5 33. b3 Re4 34. Kg2 Rd4 35. Ra2 Rfd8 36. a5 Rd2 37. Ra1 Rd1 38. Ra4 R1d7 39. a6 Rb8 40. Ra5 Rc7 41. Kf3 Rd8 42. Ke3 Ke5 43. b4 Kd6 44. b5 Rb8 45. a7 Ra8 46. Ra6+ Ke7 47. Rxe6+ Kd7 48. b6 Raxa7 49. bxa7 Rxa7 50. Rg6 Ke8 51. Rxg5 Rc7 52. h4 Kf8 53. h5 Rc6 54. g4 Rc7 55. Rf5+ Ke8 56. g5 Rc6 57. Rf7 g6 58. h6 1-0

[Event "Moscow Botvinnik Memorial Cup"]
[Site "Moscow"]
[Date "2022.08.22"]
[Round "7.1"]
[White "Grigoryan, Karen"]
[Black "Bukreev, Stanislav"]
[Result "0-1"]
[WhiteElo "2294"]
[BlackElo "1889"]
[PlyCount "96"]
[EventDate "2022.08.18"]
[EventType "team-tourn"]
[EventRounds "9"]
[EventCountry "RUS"]
[SourceTitle "CBM 209 Extra"]
[Source "ChessBase"]
[SourceDate "2022.09.30"]
[SourceVersion "1"]
[SourceVersionDate "2022.09.30"]
[SourceQuality "1"]
[WhiteTeam "Turkmenistan"]
[BlackTeam "Russia"]
[WhiteTeamCountry "TKM"]
[BlackTeamCountry "RUS"]

1. d4 Nf6 2. Nf3 e6 3. c4 c5 4. Nc3 cxd4 5. Nxd4 Nc6 6. g3 Bc5 7. Nxc6 Qb6 8. e3 Qxc6 9. f3 Ng4 10. Qe2 Ne5 11. Kf2 b6 12. Bg2 Bb7 13. Bd2 Nxc4 14. Rac1 d5 15. Nd1 Nxd2 16. Qxd2 Qd7 17. b4 Be7 18. Nb2 Bf6 19. Rhd1 0-0 20. f4 Qe7 21. Nd3 Rac8 22. Rxc8 Rxc8 23. Rc1 Qd7 24. Bf3 Rxc1 25. Nxc1 Qc7 26. Ne2 Qc4 27. Nd4 Bxd4 28. exd4 Ba6 29. Bg2 Qd3 30. Qxd3 Bxd3 31. Ke3 Bc4 32. a3 Kf8 33. h4 Ke7 34. g4 h6 35. g5 hxg5 36. fxg5 Ba2 37. Kf4 Bb1 38. Bf3 f6 39. Bg2 Kd6 40. Bf1 e5+ 41. Ke3 f5 42. h5 Be4 43. g6 f4+ 44. Kf2 exd4 45. h6 gxh6 46. g7 Bh7 47. Kf3 Ke5 48. Bd3 Bg8 0-1

[Event "Moscow Botvinnik Memorial Cup"]
[Site "Moscow"]
[Date "2022.08.20"]
[Round "5.2"]
[White "Ahmad, Khagan"]
[Black "Grigoryan, Karen"]
[Result "1-0"]
[WhiteElo "2196"]
[BlackElo "2294"]
[PlyCount "55"]
[EventDate "2022.08.18"]
[EventType "team-tourn"]
[EventRounds "9"]
[EventCountry "RUS"]
[SourceTitle "CBM 209 Extra"]
[Source "ChessBase"]
[SourceDate "2022.09.30"]
[SourceVersion "1"]
[SourceVersionDate "2022.09.30"]
[SourceQuality "1"]
[WhiteTeam "Azerbaijan"]
[BlackTeam "Turkmenistan"]
[WhiteTeamCountry "AZE"]
[BlackTeamCountry "TKM"]

1. e4 c5 2. Nf3 e6 3. d4 cxd4 4. Nxd4 Nf6 5. Nc3 Nc6 6. Ndb5 Bb4 7. a3 Bxc3+ 8. Nxc3 d5 9. exd5 exd5 10. Bd3 0-0 11. 0-0 d4 12. Ne2 Bg4 13. f3 Bh5 14. Bg5 Re8 15. Ng3 Bg6 16. f4 Bxd3 17. cxd3 Qd6 18. Bxf6 Qxf6 19. Ne4 Qe7 20. Qb3 Kh8 21. Ng5 Kg8 22. Rae1 Qd7 23. f5 Rxe1 24. Rxe1 Na5 25. Qb4 Qxf5 26. Qe7 Rf8 27. Nf3 Qxd3 28. Ne5 1-0

[Event "Moscow Botvinnik Memorial Cup"]
[Site "Moscow"]
[Date "2022.08.20"]
[Round "4.2"]
[White "Bozorov, Javokhir"]
[Black "Grigoryan, Karen"]
[Result "1/2-1/2"]
[WhiteElo "1670"]
[BlackElo "2294"]
[PlyCount "60"]
[EventDate "2022.08.18"]
[EventType "team-tourn"]
[EventRounds "9"]
[EventCountry "RUS"]
[SourceTitle "CBM 209 Extra"]
[Source "ChessBase"]
[SourceDate "2022.09.30"]
[SourceVersion "1"]
[SourceVersionDate "2022.09.30"]
[SourceQuality "1"]
[WhiteTeam "Uzbekistan"]
[BlackTeam "Turkmenistan"]
[WhiteTeamCountry "UZB"]
[BlackTeamCountry "TKM"]

1. e4 c5 2. Nf3 e6 3. d4 cxd4 4. Nxd4 Nf6 5. Nc3 Nc6 6. Be3 Bb4 7. Nxc6 bxc6 8. Bd3 d5 9. exd5 Nxd5 10. Bd2 0-0 11. 0-0 Rb8 12. Qh5 g6 13. Qe2 Nxc3 14. bxc3 Bd6 15. c4 Qc7 16. f4 Bc5+ 17. Kh1 Bd4 18. Rae1 c5 19. Be3 Rd8 20. f5 Bxe3 21. Qxe3 exf5 22. Bxf5 Bb7 23. Be6 Rf8 24. Bd5 Rbd8 25. Qg5 Bxd5 26. cxd5 c4 27. Rd1 Rfe8 28. Qf6 Rd6 29. Qf4 Qd7 30. Qxc4 Rd8 1/2-1/2

[Event "Moscow Botvinnik Memorial Cup"]
[Site "Moscow"]
[Date "2022.08.20"]
[Round "5.2"]
[White "Grigoryan, Karen"]
[Black "Davudov, Tunar"]
[Result "0-1"]
[WhiteElo "2294"]
[BlackElo "1868"]
[PlyCount "106"]
[EventDate "2022.08.18"]
[EventType "team-tourn"]
[EventRounds "9"]
[EventCountry "RUS"]
[SourceTitle "CBM 209 Extra"]
[Source "ChessBase"]
[SourceDate "2022.09.30"]
[SourceVersion "1"]
[SourceVersionDate "2022.09.30"]
[SourceQuality "1"]
[WhiteTeam "Turkmenistan"]
[BlackTeam "Azerbaijan"]
[WhiteTeamCountry "TKM"]
[BlackTeamCountry "AZE"]

1. d4 Nf6 2. Nf3 d5 3. c4 e6 4. g3 Be7 5. Bg2 0-0 6. 0-0 b6 7. Nc3 Bb7 8. Ne5 c6 9. Bf4 dxc4 10. Nxc4 Nd5 11. Nxd5 cxd5 12. Ne5 f6 13. Nf3 Nc6 14. Rc1 Bd6 15. Qd2 Qd7 16. Bh3 Rac8 17. Rc2 Na5 18. Rfc1 Nc4 19. Qd1 Bxf4 20. gxf4 Nd6 21. b3 Ba6 22. Qd2 Ne4 23. Qe3 Kf7 24. Nd2 f5 25. Nf3 Kg8 26. Ne5 Qd6 27. Rxc8 Rxc8 28. Rxc8+ Bxc8 29. f3 Nf6 30. Qc3 Bb7 31. e3 Nd7 32. Bf1 Nxe5 33. fxe5 Qe7 34. f4 h6 35. b4 g5 36. fxg5 hxg5 37. a3 Kg7 38. b5 Kh6 39. Qb4 Qxb4 40. axb4 Kh5 41. Kg2 Kh4 42. Be2 Bc8 43. Bd3 Bd7 44. Be2 Be8 45. h3 Bg6 46. Kh2 g4 47. Bf1 g3+ 48. Kg2 Bh5 49. Bd3 Bd1 50. Bf1 Bc2 51. Be2 Bb1 52. Kg1 Be4 53. Bf1 Bf3 0-1

[Event "Moscow Botvinnik Memorial Cup"]
[Site "Moscow"]
[Date "2022.08.19"]
[Round "3.3"]
[White "Shaikenova, Adiya"]
[Black "Grigoryan, Karen"]
[Result "0-1"]
[WhiteElo "1427"]
[BlackElo "2294"]
[PlyCount "66"]
[EventDate "2022.08.18"]
[EventType "team-tourn"]
[EventRounds "9"]
[EventCountry "RUS"]
[SourceTitle "CBM 209 Extra"]
[Source "ChessBase"]
[SourceDate "2022.09.30"]
[SourceVersion "1"]
[SourceVersionDate "2022.09.30"]
[SourceQuality "1"]
[WhiteTeam "Kazakhstan"]
[BlackTeam "Turkmenistan"]
[WhiteTeamCountry "KAZ"]
[BlackTeamCountry "TKM"]

1. d4 Nf6 2. c4 e6 3. Nf3 b6 4. g3 Ba6 5. b3 Bb4+ 6. Bd2 Be7 7. Bg2 0-0 8. Nc3 c6 9. 0-0 d5 10. cxd5 cxd5 11. Ne5 Nfd7 12. Nxd7 Qxd7 13. Rc1 Nc6 14. Bf4 Rac8 15. Qd2 Ba3 16. Rcd1 Rfd8 17. Rfe1 h6 18. g4 Bb4 19. Rc1 e5 20. Be3 Qxg4 21. h3 Qh4 22. a3 Bxc3 23. Rxc3 exd4 24. Bxd4 Qxd4 25. Qc2 Nb4 26. Rxc8 Rxc8 27. Qf5 Nc2 28. Rc1 Qd2 29. Rb1 Nd4 30. Qxd5 Nxe2+ 31. Kh1 Rc1+ 32. Rxc1 Qxc1+ 33. Kh2 Qg1# 0-1

[Event "Moscow Botvinnik Memorial Cup"]
[Site "Moscow"]
[Date "2022.08.18"]
[Round "1.4"]
[White "Liavonava, Yuliya"]
[Black "Grigoryan, Karen"]
[Result "1/2-1/2"]
[WhiteElo "1542"]
[BlackElo "2294"]
[PlyCount "59"]
[EventDate "2022.08.18"]
[EventType "team-tourn"]
[EventRounds "9"]
[EventCountry "RUS"]
[SourceTitle "CBM 209 Extra"]
[Source "ChessBase"]
[SourceDate "2022.09.30"]
[SourceVersion "1"]
[SourceVersionDate "2022.09.30"]
[SourceQuality "1"]
[WhiteTeam "Belarus"]
[BlackTeam "Turkmenistan"]
[WhiteTeamCountry "BLR"]
[BlackTeamCountry "TKM"]

1. c4 e5 2. Nc3 Nf6 3. e4 Bc5 4. d3 0-0 5. Bg5 h6 6. Bh4 d6 7. Be2 Nbd7 8. h3 c6 9. Bg4 Re8 10. Bxd7 Bxd7 11. Nge2 g5 12. Bg3 Nh5 13. Qd2 Qf6 14. 0-0-0 Nxg3 15. fxg3 Qf2 16. d4 exd4 17. Nxd4 Qxd2+ 18. Rxd2 Re7 19. a3 a5 20. g4 Be6 21. Rhd1 Bxc4 22. Nf5 Re6 23. Kc2 a4 24. Rh1 Bb3+ 25. Kb1 Rae8 26. h4 Rf6 27. hxg5 hxg5 28. Nh6+ Kf8 29. Nf5 Kg8 30. Nh6+ 1/2-1/2

[Event "Dubai op 19th"]
[Site "Dubai"]
[Date "2017.04.06"]
[Round "4"]
[White "Grigoryan, Karen"]
[Black "Abasov, Nijat Azad"]
[Result "1/2-1/2"]
[WhiteElo "2308"]
[BlackElo "2588"]
[PlyCount "60"]
[EventDate "2017.04.03"]
[EventType "swiss"]
[EventRounds "9"]
[EventCountry "UAE"]
[SourceTitle "CBM 177 Extra"]
[Source "ChessBase"]
[SourceDate "2017.04.27"]
[SourceVersion "1"]
[SourceVersionDate "2017.04.27"]
[SourceQuality "1"]

1. d4 Nf6 2. Nf3 e6 3. c4 d5 4. Nc3 Bb4 5. Bg5 Nbd7 6. e3 c5 7. cxd5 exd5 8. Bd3 Qa5 9. Qc2 c4 10. Bf5 0-0 11. 0-0 Re8 12. Nd2 g6 13. Bh3 Kg7 14. Rae1 Ne4 15. Ndxe4 dxe4 16. Bf4 Nb6 17. Bxc8 Raxc8 18. f3 Nd5 19. fxe4 Bxc3 20. bxc3 Qxc3 21. Qf2 Rxe4 22. Be5+ f6 23. Bxf6+ Nxf6 24. Qxf6+ Kg8 25. Qf7+ Kh8 26. Qf6+ Kg8 27. Qf7+ Kh8 28. Qf6+ Kg8 29. Qf7+ Kh8 30. Qxb7 Rce8 1/2-1/2

[Event "Liberec op 17th"]
[Site "Liberec"]
[Date "2017.03.02"]
[Round "7"]
[White "Chudinovskikh, Alexander M"]
[Black "Grigoryan, Karen"]
[Result "1/2-1/2"]
[WhiteElo "2221"]
[BlackElo "2316"]
[PlyCount "23"]
[EventDate "2017.02.25"]
[EventType "swiss"]
[EventRounds "9"]
[EventCountry "CZE"]
[SourceTitle "CBM 177 Extra"]
[Source "ChessBase"]
[SourceDate "2017.04.27"]
[SourceVersion "1"]
[SourceVersionDate "2017.04.27"]
[SourceQuality "1"]

1. d4 d5 2. Nf3 Nf6 3. c4 c6 4. cxd5 cxd5 5. Nc3 Nc6 6. Bf4 Bf5 7. e3 e6 8. Bd3 Bxd3 9. Qxd3 Bd6 10. Bxd6 Qxd6 11. 0-0 0-0 12. Rfc1 1/2-1/2

[Event "Liberec op 17th"]
[Site "Liberec"]
[Date "2017.03.01"]
[Round "6"]
[White "Grigoryan, Karen"]
[Black "Sernecki, Franciszek"]
[Result "1/2-1/2"]
[WhiteElo "2316"]
[BlackElo "2151"]
[PlyCount "42"]
[EventDate "2017.02.25"]
[EventType "swiss"]
[EventRounds "9"]
[EventCountry "CZE"]
[SourceTitle "CBM 177 Extra"]
[Source "ChessBase"]
[SourceDate "2017.04.27"]
[SourceVersion "1"]
[SourceVersionDate "2017.04.27"]
[SourceQuality "1"]

1. c4 e6 2. d4 d5 3. Nc3 c5 4. cxd5 exd5 5. Nf3 Nc6 6. g3 Nf6 7. Bg2 Be7 8. 0-0 0-0 9. Bg5 c4 10. Ne5 Be6 11. Nxc6 bxc6 12. b3 cxb3 13. axb3 Qb6 14. Na4 Qb5 15. Qc2 Rab8 16. Rab1 h6 17. Bf4 Rb7 18. Nc5 Bxc5 19. dxc5 Re8 20. Rfe1 Ne4 21. Bxe4 dxe4 1/2-1/2

[Event "Wch Seniors 50 26th"]
[Site "Marianske Lazne"]
[Date "2016.11.29"]
[Round "10"]
[White "Chudinovskikh, Alexander M"]
[Black "Grigoryan, Karen"]
[Result "1-0"]
[WhiteElo "2219"]
[BlackElo "2332"]
[PlyCount "43"]
[EventDate "2016.11.19"]
[EventType "swiss"]
[EventRounds "11"]
[EventCountry "CZE"]
[SourceTitle "CBM 175 Extra"]
[Source "ChessBase"]
[SourceDate "2016.12.12"]
[SourceVersion "1"]
[SourceVersionDate "2016.12.12"]
[SourceQuality "1"]

1. d4 Nf6 2. Nf3 c5 3. d5 b5 4. Bg5 g6 5. Bxf6 exf6 6. e4 a6 7. a4 bxa4 8. Rxa4 Bg7 9. Nc3 0-0 10. d6 Bb7 11. Be2 Qb6 12. Ra3 c4 13. Bxc4 f5 14. 0-0 fxe4 15. Rb3 Qc5 16. Rxb7 Qxc4 17. Ng5 Bxc3 18. bxc3 h6 19. Rc7 Qa4 20. Qd5 Nc6 21. Nxe4 Rad8 22. Nf6+ 1-0

[Event "Wch Seniors 50 26th"]
[Site "Marianske Lazne"]
[Date "2016.11.22"]
[Round "4"]
[White "Barron, Michael"]
[Black "Grigoryan, Karen"]
[Result "0-1"]
[WhiteElo "2189"]
[BlackElo "2332"]
[PlyCount "72"]
[EventDate "2016.11.19"]
[EventType "swiss"]
[EventRounds "11"]
[EventCountry "CZE"]
[SourceTitle "CBM 175 Extra"]
[Source "ChessBase"]
[SourceDate "2016.12.12"]
[SourceVersion "1"]
[SourceVersionDate "2016.12.12"]
[SourceQuality "1"]

1. e4 c5 2. Nf3 e6 3. d4 cxd4 4. Nxd4 Nc6 5. Nc3 Qc7 6. Be2 Nf6 7. 0-0 a6 8. Be3 Bb4 9. Na4 0-0 10. Nxc6 bxc6 11. Nb6 Rb8 12. Nxc8 Rfxc8 13. Bxa6 Rd8 14. Bd3 Bd6 15. f4 e5 16. f5 Rxb2 17. g4 h6 18. h4 h5 19. gxh5 Qa5 20. Kh1 Bc5 21. Bg5 d5 22. Bxf6 gxf6 23. a4 Kf8 24. h6 dxe4 25. h7 Ke7 26. Qc1 Qc3 27. Rb1 Rxb1 28. Qxb1 exd3 29. Qb7+ Rd7 30. Qxd7+ Kxd7 31. h8Q dxc2 32. Kg2 Qd2+ 33. Kg3 Qe3+ 34. Rf3 Qg1+ 35. Kh3 c1Q 36. Rd3+ Bd4 0-1

[Event "Wch Seniors 50 26th"]
[Site "Marianske Lazne"]
[Date "2016.11.21"]
[Round "3"]
[White "Grigoryan, Karen"]
[Black "Hewson, Brian Wr"]
[Result "1/2-1/2"]
[WhiteElo "2332"]
[BlackElo "2083"]
[PlyCount "100"]
[EventDate "2016.11.19"]
[EventType "swiss"]
[EventRounds "11"]
[EventCountry "CZE"]
[SourceTitle "CBM 175 Extra"]
[Source "ChessBase"]
[SourceDate "2016.12.12"]
[SourceVersion "1"]
[SourceVersionDate "2016.12.12"]
[SourceQuality "1"]

1. d4 d5 2. c4 c6 3. Nf3 Nf6 4. cxd5 cxd5 5. Nc3 Nc6 6. Bf4 Bf5 7. e3 a6 8. Be2 e6 9. 0-0 Bd6 10. Bxd6 Qxd6 11. Rc1 0-0 12. Nh4 Ne7 13. Nxf5 Nxf5 14. Bd3 Rfc8 15. Rc2 Rc7 16. Qe2 Rac8 17. Rfc1 Qd7 18. Na4 Rxc2 19. Rxc2 Rxc2 20. Qxc2 Nd6 21. h3 h6 22. b3 Qc8 23. Qxc8+ Nxc8 24. Nc5 Nd6 25. b4 Kf8 26. f3 Ke7 27. Kf2 Nd7 28. Ke2 Nxc5 29. bxc5 Nc8 30. e4 Na7 31. exd5 exd5 32. Ke3 Nc6 33. Bf5 Kd8 34. f4 Kc7 35. Bd3 b5 36. Be2 Nb4 37. a3 Nc2+ 38. Kd3 Nxa3 39. Kc3 Nc4 40. Bxc4 bxc4 41. Kb4 a5+ 42. Kc3 Kc6 43. Kc2 h5 44. h4 f5 45. Kc3 Kb5 46. Kc2 a4 47. Kb2 g6 48. g3 Ka5 49. Kb1 Kb5 50. Kb2 Ka5 1/2-1/2

[Event "Olympiad-37"]
[Site "Turin"]
[Date "2006.05.30"]
[Round "9"]
[White "Tay, Li Jin Jeslin"]
[Black "Grigoryan, Karen"]
[Result "1-0"]
[WhiteElo "2011"]
[BlackElo "2411"]
[PlyCount "107"]
[EventDate "2006.05.21"]
[EventType "team-swiss"]
[EventRounds "13"]
[EventCountry "ITA"]
[SourceTitle "CBM 113"]
[Source "ChessBase"]
[SourceDate "2006.07.31"]
[SourceVersion "1"]
[SourceVersionDate "2006.07.31"]
[SourceQuality "1"]
[WhiteTeam "Singapore"]
[BlackTeam "Turkmenistan"]
[WhiteTeamCountry "SIN"]
[BlackTeamCountry "TKM"]

1. d4 Nf6 2. c4 e6 3. Nc3 Bb4 4. Qc2 c5 5. dxc5 0-0 6. a3 Bxc5 7. Nf3 Qb6 8. e3 Be7 9. Bd3 d6 10. 0-0 Nbd7 11. b4 Qc7 12. Rd1 b6 13. Nb5 Qb8 14. e4 Bb7 15. Bg5 a6 16. Nc3 Re8 17. h3 Qc7 18. Rac1 Rac8 19. Qb1 Qb8 20. Be3 Bc6 21. Nd4 Ba8 22. f4 Bf8 23. Nf3 g6 24. Qa2 Bb7 25. Qf2 Bc6 26. Nd4 Ba8 27. Nde2 Rc7 28. Ng3 Bg7 29. Na4 Rc6 30. Nc3 h5 31. Nge2 Rc7 32. Nd4 Rec8 33. Bd2 Re8 34. Nf3 Bc6 35. Nd4 Bb7 36. Re1 Qa7 37. Nf3 Qa8 38. Qe2 Rec8 39. Qf2 b5 40. cxb5 axb5 41. Nxb5 Rxc1 42. Rxc1 Rxc1+ 43. Bxc1 Nxe4 44. Bxe4 Bxe4 45. Nxd6 Bd5 46. Ne5 Bxe5 47. fxe5 Nxe5 48. Bb2 f6 49. Qxf6 Qa7+ 50. Kh2 Nf3+ 51. Kg3 e5 52. Qxg6+ Kf8 53. Qe8+ Kg7 54. Bxe5+ 1-0

[Event "Olympiad-37"]
[Site "Turin"]
[Date "2006.05.28"]
[Round "7"]
[White "Farahat, Ali"]
[Black "Grigoryan, Karen"]
[Result "0-1"]
[WhiteElo "2376"]
[BlackElo "2411"]
[PlyCount "68"]
[EventDate "2006.05.21"]
[EventType "team-swiss"]
[EventRounds "13"]
[EventCountry "ITA"]
[SourceTitle "CBM 113"]
[Source "ChessBase"]
[SourceDate "2006.07.31"]
[SourceVersion "1"]
[SourceVersionDate "2006.07.31"]
[SourceQuality "1"]
[WhiteTeam "Egypt"]
[BlackTeam "Turkmenistan"]
[WhiteTeamCountry "EGY"]
[BlackTeamCountry "TKM"]

1. e4 c5 2. Nf3 Nc6 3. Nc3 d6 4. d4 cxd4 5. Nxd4 e6 6. Be3 Nf6 7. Be2 Be7 8. 0-0 0-0 9. f4 Bd7 10. Kh1 Nxd4 11. Bxd4 Bc6 12. Bd3 Nd7 13. Qe1 e5 14. Be3 exf4 15. Bxf4 Ne5 16. Rd1 Ng6 17. Bg3 Bf6 18. Be2 Ne5 19. Nd5 Bxd5 20. Rxd5 Qc7 21. c3 Rad8 22. Rxf6 gxf6 23. Bh4 Qe7 24. Qf2 Kg7 25. Rd1 Ng6 26. Rf1 Nxh4 27. Qxh4 d5 28. Bd3 Rh8 29. Rf3 h5 30. Rg3+ Kf8 31. Re3 Qe5 32. Qf2 dxe4 33. Bc2 f5 34. h3 Rd6 0-1

[Event "Olympiad-37"]
[Site "Turin"]
[Date "2006.05.27"]
[Round "6"]
[White "Grigoryan, Karen"]
[Black "Flores, Diego"]
[Result "0-1"]
[WhiteElo "2411"]
[BlackElo "2494"]
[PlyCount "88"]
[EventDate "2006.05.21"]
[EventType "team-swiss"]
[EventRounds "13"]
[EventCountry "ITA"]
[SourceTitle "CBM 113"]
[Source "ChessBase"]
[SourceDate "2006.07.31"]
[SourceVersion "1"]
[SourceVersionDate "2006.07.31"]
[SourceQuality "1"]
[WhiteTeam "Turkmenistan"]
[BlackTeam "Argentina"]
[WhiteTeamCountry "TKM"]
[BlackTeamCountry "ARG"]

1. d4 Nf6 2. c4 g6 3. Nc3 Bg7 4. Bg5 d6 5. e3 Nbd7 6. Be2 a6 7. Nf3 h6 8. Bh4 g5 9. Bg3 Nh5 10. Qc2 e6 11. d5 Nxg3 12. hxg3 Qe7 13. Nd4 Nf6 14. 0-0-0 Bd7 15. Bf3 Rb8 16. Kb1 0-0 17. Ka1 b5 18. dxe6 fxe6 19. cxb5 axb5 20. Qg6 Qf7 21. Rxh6 Qxg6 22. Rxg6 Kf7 23. Rxg5 c5 24. Nc6 Bxc6 25. Bxc6 Bh6 26. f4 b4 27. Nb5 Bxg5 28. Nxd6+ Ke7 29. fxg5 Rbd8 30. gxf6+ Rxf6 31. Bf3 Rxd6 32. Rc1 Rd2 33. Kb1 Kd6 34. Rc4 Rg6 35. a3 bxa3 36. bxa3 Rg8 37. Rc2 Rd3 38. Ra2 Rxe3 39. Kc2 Rb8 40. a4 Rbb3 41. a5 Ra3 42. Kb2 Reb3+ 43. Ka1 Rxa2+ 44. Kxa2 Rb5 0-1

[Event "Olympiad-37"]
[Site "Turin"]
[Date "2006.05.25"]
[Round "5"]
[White "Grigoryan, Karen"]
[Black "Volodin, Aleksandr"]
[Result "1-0"]
[WhiteElo "2411"]
[BlackElo "2352"]
[PlyCount "139"]
[EventDate "2006.05.21"]
[EventType "team-swiss"]
[EventRounds "13"]
[EventCountry "ITA"]
[SourceTitle "CBM 113"]
[Source "ChessBase"]
[SourceDate "2006.07.31"]
[SourceVersion "1"]
[SourceVersionDate "2006.07.31"]
[SourceQuality "1"]
[WhiteTeam "Turkmenistan"]
[BlackTeam "Estonia"]
[WhiteTeamCountry "TKM"]
[BlackTeamCountry "EST"]

1. d4 Nf6 2. c4 d6 3. Nf3 g6 4. Nc3 Bg7 5. Bg5 0-0 6. e3 c6 7. Be2 Qc7 8. 0-0 Nbd7 9. Qc2 e5 10. Rad1 Re8 11. h3 Nf8 12. d5 N8d7 13. e4 Nh5 14. Qd2 Bf8 15. b4 Ng7 16. Bh6 c5 17. a3 b6 18. Bd3 Qd8 19. Bc2 Ba6 20. Bd3 Bc8 21. Nh2 Nh5 22. Be3 Bg7 23. Rc1 Nf8 24. bxc5 bxc5 25. Be2 Nf4 26. Bxf4 exf4 27. Qxf4 Qa5 28. Nb5 Be5 29. Qh4 Qd8 30. Qxd8 Rxd8 31. Nf3 Bg7 32. Nc7 Rb8 33. Rb1 Bd7 34. Na6 Rb2 35. Bd3 Bc8 36. Nb8 Bd7 37. Na6 Bc8 38. Nc7 Bd7 39. Rxb2 Bxb2 40. Rb1 Bxa3 41. Ra1 Bb2 42. Rxa7 Rb8 43. Nb5 Rb6 44. Kf1 h6 45. h4 Bf6 46. g3 Bg4 47. Kg2 g5 48. hxg5 hxg5 49. Nh2 Bc8 50. Be2 Kg7 51. Bg4 Ba6 52. Be6 Bxb5 53. Rxf7+ Kg6 54. cxb5 Nxe6 55. dxe6 c4 56. Ng4 Bg7 57. Rc7 c3 58. e7 Rb8 59. Ne3 Bd4 60. Nd5 Kf7 61. Nxc3 Bxc3 62. Rxc3 Rxb5 63. Rc7 g4 64. e8Q+ Kxe8 65. Rg7 Rb4 66. Rxg4 d5 67. Kf3 Rb3+ 68. Kf4 d4 69. Rg5 Rb2 70. f3 1-0

[Event "Olympiad-37"]
[Site "Turin"]
[Date "2006.05.22"]
[Round "2"]
[White "Pert, Nicholas"]
[Black "Grigoryan, Karen"]
[Result "1/2-1/2"]
[WhiteElo "2494"]
[BlackElo "2411"]
[PlyCount "55"]
[EventDate "2006.05.21"]
[EventType "team-swiss"]
[EventRounds "13"]
[EventCountry "ITA"]
[SourceTitle "CBM 113"]
[Source "ChessBase"]
[SourceDate "2006.07.31"]
[SourceVersion "1"]
[SourceVersionDate "2006.07.31"]
[SourceQuality "1"]
[WhiteTeam "England"]
[BlackTeam "Turkmenistan"]
[WhiteTeamCountry "ENG"]
[BlackTeamCountry "TKM"]

1. d4 Nf6 2. Nf3 e6 3. c4 Bb4+ 4. Bd2 Qe7 5. g3 Nc6 6. Nc3 Bxc3 7. Bxc3 Ne4 8. Rc1 0-0 9. Bg2 d6 10. d5 Nxc3 11. Rxc3 Nb8 12. dxe6 fxe6 13. Nd4 c6 14. 0-0 e5 15. Nc2 Na6 16. b4 Be6 17. b5 cxb5 18. cxb5 Nc5 19. Nb4 Rad8 20. Ra3 Qd7 21. Rxa7 Qxb5 22. Nd5 Qd7 23. Nb6 Qc7 24. Na4 Ra8 25. Nxc5 Qxc5 26. Rxa8 Rxa8 27. Qb1 Rf8 28. Qxb7 1/2-1/2

[Event "Asia-ch 5th"]
[Site "Hyderabad"]
[Date "2005.10.15"]
[Round "9"]
[White "Bakre, Tejas"]
[Black "Grigoryan, Karen"]
[Result "1-0"]
[WhiteElo "2484"]
[BlackElo "2421"]
[PlyCount "55"]
[EventDate "2005.10.05"]
[EventType "swiss"]
[EventRounds "9"]
[EventCountry "IND"]
[SourceTitle "CBM 110"]
[Source "ChessBase"]
[SourceDate "2006.01.31"]
[SourceVersion "1"]
[SourceVersionDate "2006.01.31"]
[SourceQuality "1"]

1. e4 c5 2. Nf3 e6 3. d4 cxd4 4. Nxd4 Nc6 5. Nc3 d6 6. Be2 Nf6 7. Be3 Be7 8. g4 d5 9. exd5 Nxd5 10. Nxd5 Qxd5 11. 0-0 Nxd4 12. Qxd4 Qxd4 13. Bxd4 Bf6 14. Rfd1 Bd7 15. Bf3 Rc8 16. c3 Bxd4 17. Rxd4 e5 18. Re1 f6 19. Bxb7 Rb8 20. Bg2 Rxb2 21. f4 Rb5 22. Bd5 Ke7 23. fxe5 fxe5 24. Rxe5+ Kf6 25. Re1 Re8 26. Rf1+ Ke5 27. Bb3 Bc6 28. Rf5# 1-0